Global crisis : (Record no. 57248)

MARC details
000 -LEADER
fixed length control field 01249nam a22003017a 4500
005 - DATE AND TIME OF LATEST TRANSACTION
control field 2011100402422.0
008 - FIXED-LENGTH DATA ELEMENTS--GENERAL INFORMATION
fixed length control field 111004t xxu||||| |||| 00| 0 eng d
010 ## - LCCN (DPL NO)
LC control number ENG-103861
020 ## - INTERNATIONAL STANDARD BOOK NUMBER
International Standard Book Number 9788125043201
Terms of availability 545.00
035 ## - SYSTEM CONTROL NUMBER
System control number EN-87394
037 ## - SOURCE OF ACQUISITION
Source of stock number/acquisition DBAD/PUB
040 ## - CATALOGING SOURCE
Original cataloging agency DPL
Language of cataloging Eng
082 00 - DEWEY DECIMAL CLASSIFICATION NUMBER
Classification number 332.042
100 ## - MAIN ENTRY--PERSONAL NAME
Personal name Stiglitz, Joseph E.
9 (RLIN) 35214
245 00 - TITLE STATEMENT
Title Global crisis :
Remainder of title the way forward : the Stiglitz Commission report /
Statement of responsibility, etc by Joseph E. Stiglitz with a foreword by Miguel d'Escoto Brockmann
260 ## - PUBLICATION, DISTRIBUTION, ETC. (IMPRINT)
Place of publication, distribution, etc New Delhi
Name of publisher, distributor, etc Orient Blackswan
Date of publication, distribution, etc 2011
270 ## - ADDRESS
Address 1/24, Asaf Ali Road
City New Delhi
Postal code 110002
300 ## - PHYSICAL DESCRIPTION
Extent xxxii,204p.
Dimensions 22cm (Hb)
600 10 - SUBJECT ADDED ENTRY--PERSONAL NAME
9 (RLIN) 35206
600 10 - SUBJECT ADDED ENTRY--PERSONAL NAME
9 (RLIN) 35207
650 #0 - SUBJECT ADDED ENTRY--TOPICAL TERM
9 (RLIN) 35208
700 1# - ADDED ENTRY--PERSONAL NAME
9 (RLIN) 35211
830 #0 - SERIES ADDED ENTRY--UNIFORM TITLE
Uniform title Open Media book.
9 (RLIN) 35213
856 42 - ELECTRONIC LOCATION AND ACCESS
Materials specified Publisher description
Uniform Resource Identifier <a href="http://www.loc.gov/catdir/enhancements/fy1012/2010001368-d.html">http://www.loc.gov/catdir/enhancements/fy1012/2010001368-d.html</a>
942 ## - ADDED ENTRY ELEMENTS (KOHA)
Source of classification or shelving scheme Dewey Decimal Classification
Item type English Books
Classification part 332.042
Call number suffix STI
Holdings
Withdrawn status Lost status Source of classification or shelving scheme Damaged status Not for loan Collection code Home library Current library Date acquired Source of acquisition Cost, normal purchase price Total Checkouts Full call number Barcode Date last seen Copy number Cost, replacement price Koha item type
    Dewey Decimal Classification   Not For Loan Non-fiction D.B.Act.Division D.B.Act.Division 04/10/2011 DBAD/PUB 545.00   332.042 STI EN-87394 04/10/2011 1 545.00 English Books

© Delhi Public Library
Hit Counter
free hit counter